000 00433nam a2200133Ia 4500
008 151001s9999||||xx |||||||||||||| ||und||
100 _aएम पी कमल
245 _aनोबेल पुरस्कार विजेता भारतीय
250 _a2
260 _bअनुपम प्रकाशन केंद्र औरंगाबाद
260 _c2007
300 _a160
365 _b21
999 _c991603
_d991600